[Event "VII C.to Europeo femminile"]
[Site "Kusadasi TUR"]
[Date "2006.04.15"]
[Round "11"]
[White "Sedina, Elena"]
[Black "Zawadzka, Jolanta"]
[Result "1-0"]
[WhiteElo "2373"]
[BlackElo "2389"]
[PlyCount "49"]
[EventDate "2006.04.04"]

1.e4 c5 2.Nf3 Nc6 3.c3 Nf6 4.e5 Nd5 5.d4 cxd4 6.cxd4 g6 7.Bc4 Nb6 8.Bb3 
Bg7 9.O-O O-O 10.Nc3 d6 11.exd6 exd6 12.h3 Na5 13.Bg5 Qd7 14.Re1 Nxb3 15.
Qxb3 h6 16.Bh4 Qf5 17.Be7 Be6 18.Nh4 Qa5 19.Rxe6 fxe6 20.Bxf8 Rxf8 21.
Qxe6+ Kh7 22.Qxg6+ Kh8 23.Re1 Nd5 24.Nf5 Bf6 25.Qxh6+ 1-0

[Event "XXXVIII C.to Italiano a squadre Master"]
[Site "Porto San Giorgio ITA"]
[Date "2006.04.21"]
[Round "1"]
[White "Anceschi, Vittorio"]
[Black "De Val, Daniele"]
[Result "1-0"]
[WhiteElo "2248"]
[BlackElo "2177"]
[PlyCount "77"]
[EventDate "2006.04.21"]

1.e4 e6 2.d3 d5 3.Nd2 dxe4 4.dxe4 Bc5 5.Ngf3 Nf6 6.Bd3 e5 7.h3 Nbd7 8.Nc4 
O-O 9.O-O Re8 10.Bd2 c6 11.b4 Bf8 12.Rb1 b5 13.Na5 Qc7 14.c4 bxc4 15.Nxc4 
Ba6 16.Qc2 Nb6 17.Be3 Rad8 18.Be2 c5 19.b5 Nxc4 20.Bxc4 Bb7 21.Nd2 Nh5 22.
Rbd1 Qe7 23.Kh2 Nf4 24.Nb1 Ne6 25.Bxe6 Qxe6 26.a4 a6 27.Nd2 axb5 28.axb5 
Qd7 29.Rb1 Re6 30.f3 Rb6 31.Nc4 Re6 32.Rfd1 Qc8 33.Rxd8 Qxd8 34.Rd1 Qc8 
35.Qd3 f6 36.Qd7 Be7 37.Na5 Qxd7 38.Rxd7 Bc8 39.Rc7 1-0

[Event "XXXVIII C.to Italiano a squadre Master"]
[Site "Porto San Giorgio ITA"]
[Date "2006.04.21"]
[Round "1"]
[White "Bentivegna, Francesco"]
[Black "Brunello, Sabino"]
[Result "0-1"]
[WhiteElo "2287"]
[BlackElo "2339"]
[PlyCount "70"]
[EventDate "2006.04.21"]

1.Nc3 Nf6 2.d4 d5 3.Bg5 c6 4.e3 Bf5 5.Bd3 e6 6.Nf3 Nbd7 7.e4 dxe4 8.Nxe4 
Qb6 9.Nxf6+ gxf6 10.Be3 Bxd3 11.Qxd3 Qxb2 12.O-O Qa3 13.Qe2 b5 14.c4 bxc4 
15.Qxc4 Qd6 16.Rfc1 Nb6 17.Qa6 Bg7 18.d5 Nxd5 19.Rxc6 Qd7 20.Bc5 Bf8 21.
Bxf8 Kxf8 22.Rb1 Kg7 23.Rb7 Qxb7 24.Qxb7 Rhb8 25.Qxb8 Rxb8 26.g3 Rb1+ 27.
Kg2 Rb2 28.Ra6 Ne3+ 29.Kh3 Rxf2 30.Nh4 Nf1 31.Ng2 Nd2 32.Nh4 f5 33.Rxa7 
Ne4 34.Ng2 Ng5+ 35.Kh4 Kf6 0-1

[Event "XXXVIII C.to Italiano a squadre Master"]
[Site "Porto San Giorgio ITA"]
[Date "2006.04.21"]
[Round "1"]
[White "Borgo, Giulio"]
[Black "Tassi, Oliviero"]
[Result "1/2-1/2"]
[WhiteElo "2414"]
[BlackElo "2300"]
[PlyCount "100"]
[EventDate "2006.04.21"]

1.e4 c5 2.Nf3 d6 3.d4 cxd4 4.Nxd4 Nf6 5.f3 e5 6.Bb5+ Nbd7 7.Nf5 a6 8.Bxd7+
Qxd7 9.Bg5 Qc6 10.Ne3 Be6 11.Nc3 Rc8 12.Qd3 Nd7 13.O-O-O f6 14.Bh4 Nb6 15.
g4 Nc4 16.g5 b5 17.Ncd5 Nxe3 18.Nxe3 fxg5 19.Bxg5 h6 20.Bh4 g5 21.Bf2 Rh7 
22.Nd5 Rf7 23.Kb1 g4 24.Be3 gxf3 25.b3 a5 26.Bf2 a4 27.Rhf1 a3 28.Be1 Bxd5
29.exd5 Qc5 30.Qg6 e4 31.Qxe4+ Be7 32.Bb4 Qc7 33.Qg6 Kf8 34.Qxh6+ Ke8 35.
Qg6 Kf8 36.Rg1 Ke8 37.Rg3 Kd8 38.c4 Rf6 39.Qe4 bxc4 40.Rg8+ Rf8 41.Rxf8+ 
Bxf8 42.Re1 Qb6 43.Qxf3 Qxb4 44.Qxf8+ Kc7 45.Re7+ Kb8 46.Re8 Rxe8 47.Qxe8+
Kb7 48.Qc6+ Kb8 49.Qe8+ Kb7 50.Qd7+ Kb8 1/2-1/2

[Event "XXXVIII C.to Italiano a squadre Master"]
[Site "Porto San Giorgio ITA"]
[Date "2006.04.21"]
[Round "1"]
[White "Cherin, Diego"]
[Black "Turci, Stefano"]
[Result "0-1"]
[WhiteElo "2304"]
[BlackElo "2199"]
[PlyCount "78"]
[EventDate "2006.04.21"]

1.e4 e6 2.d4 d5 3.Nd2 Nf6 4.e5 Nfd7 5.f4 c5 6.c3 cxd4 7.cxd4 Nc6 8.Ndf3 h5
9.Bd3 Nb6 10.a3 a5 11.b3 Bd7 12.Ne2 Rc8 13.O-O g6 14.Kh1 Be7 15.Ng5 Kf8 
16.g3 Kg7 17.Kg2 a4 18.b4 Na7 19.h3 Bb5 20.Bxb5 Nxb5 21.Qd3 Qd7 22.Be3 Nc4
23.Nf3 Nxe3+ 24.Qxe3 Rc2 25.Qd3 Rhc8 26.Rfb1 R8c3 27.Qd1 Qc6 28.Rc1 Rxe2+ 
29.Qxe2 Rxc1 30.Rxc1 Qxc1 31.Qxb5 Qb2+ 32.Kf1 Qxa3 33.Ng5 Qxg3 34.Nxe6+ 
fxe6 35.Qd7 Qxf4+ 36.Ke2 Qe4+ 37.Kf1 Qd3+ 38.Kg2 Kf7 39.Qxa4 Qxd4 0-1

[Event "XXXVIII C.to Italiano a squadre Master"]
[Site "Porto San Giorgio ITA"]
[Date "2006.04.21"]
[Round "1"]
[White "D'Amore, Carlo"]
[Black "Bozzi, Gianni"]
[Result "1-0"]
[WhiteElo "2474"]
[BlackElo "2190"]
[PlyCount "71"]
[EventDate "2006.04.21"]

1.e4 Nf6 2.Nc3 d5 3.e5 d4 4.exf6 dxc3 5.fxg7 cxd2+ 6.Qxd2 Qxd2+ 7.Bxd2 
Bxg7 8.O-O-O Bd7 9.Ne2 Nc6 10.Bc3 Bxc3 11.Nxc3 O-O-O 12.Be2 e5 13.Rhe1 Be6
14.Rxd8+ Nxd8 15.Bd3 f6 16.f4 exf4 17.Ne2 f3 18.gxf3 h6 19.Nf4 Kd7 20.Nxe6
Nxe6 21.Bf5 Re8 22.Rg1 Kd6 23.Rg6 Ke5 24.Be4 Nc5 25.Rxh6 Nxe4 26.fxe4 Re6 
27.Rh4 Kd4 28.Kd2 Rxe4 29.Rh7 Re5 30.Rd7+ Ke4 31.Rxc7 Rb5 32.b3 Kf3 33.c4 
Rb6 34.c5 Rb5 35.Kc3 b6 36.b4 1-0

[Event "XXXVIII C.to Italiano a squadre Master"]
[Site "Porto San Giorgio ITA"]
[Date "2006.04.21"]
[Round "1"]
[White "Dervishi, Erald"]
[Black "Passoni, Carlo"]
[Result "1-0"]
[WhiteElo "2506"]
[BlackElo "2251"]
[PlyCount "116"]
[EventDate "2006.04.21"]

1.e4 c5 2.Nf3 e6 3.d4 cxd4 4.Nxd4 Nf6 5.Nc3 d6 6.Be2 a6 7.a4 Be7 8.O-O O-O
9.Kh1 b6 10.f4 Bb7 11.Bf3 Nbd7 12.e5 Bxf3 13.Qxf3 dxe5 14.Nc6 e4 15.Nxe4 
Qe8 16.b3 Nxe4 17.Nxe7+ Qxe7 18.Qxe4 Nf6 19.Qe2 Qb7 20.Re1 Rfd8 21.Bb2 Rd5
22.c4 Rf5 23.Be5 Nd7 24.Bd6 Qc6 25.Qe4 Qxe4 26.Rxe4 Rc8 27.g4 Nf6 28.Rxe6 
Nxg4 29.Re2 Rf6 30.Rd1 Re6 31.Rxe6 fxe6 32.Rd4 a5 33.h3 Nh6 34.Ba3 Nf5 35.
Rd7 h6 36.Kg2 Kh7 37.Kf3 Kg6 38.Bb2 Rc6 39.Bc3 Kh7 40.Be1 Kg6 41.Bf2 Kf6 
42.Rb7 Rd6 43.Rxb6 Rd3+ 44.Kg2 Rd2 45.c5 Ne3+ 46.Kf3 Nd5 47.Rb7 Rd3+ 48.
Ke4 Rxh3 49.Bd4+ Kg6 50.Rxg7+ Kh5 51.c6 Rh1 52.c7 Re1+ 53.Kd3 Rc1 54.Be5 
Kh4 55.Kd4 Nb6 56.Rg8 h5 57.Rb8 Rd1+ 58.Ke4 Re1+ 1-0

[Event "XXXVIII C.to Italiano a squadre Master"]
[Site "Porto San Giorgio ITA"]
[Date "2006.04.21"]
[Round "1"]
[White "Di Caro, Calogero"]
[Black "Macieja, Bartlomiej"]
[Result "0-1"]
[WhiteElo "2318"]
[BlackElo "2584"]
[PlyCount "76"]
[EventDate "2006.04.21"]

1.d4 Nf6 2.c4 e6 3.g3 Bb4+ 4.Bd2 Qe7 5.Bg2 Nc6 6.e3 e5 7.d5 Bxd2+ 8.Qxd2 
Nb8 9.Nc3 d6 10.Nge2 O-O 11.h3 a5 12.O-O Na6 13.g4 Nd7 14.Ng3 Nb6 15.b3 f5
16.gxf5 Bxf5 17.Nxf5 Rxf5 18.Ne4 Nc5 19.Ng3 Rg5 20.Kh2 e4 21.Qc2 Re5 22.a3
Re8 23.Rfd1 Ncd7 24.Qc3 a4 25.b4 Nf6 26.Qc2 Nh5 27.Rd4 Nxg3 28.fxg3 Qg5 
29.Qe2 Nd7 30.Rf1 Nf6 31.Rf4 Qg6 32.h4 Qh6 33.Qf2 Nh5 34.Rfxe4 Nf6 35.Rf4 
Rxe3 36.Rd2 Rxa3 37.Re2 Rxe2 38.Qxe2 Re3 0-1

[Event "XXXVIII C.to Italiano a squadre Master"]
[Site "Porto San Giorgio ITA"]
[Date "2006.04.21"]
[Round "1"]
[White "Garcia Palermo, Carlos Horacio"]
[Black "Mazzilli, Piero"]
[Result "1-0"]
[WhiteElo "2462"]
[BlackElo "2333"]
[PlyCount "85"]
[EventDate "2006.04.21"]

1.d4 Nf6 2.c4 e6 3.Nf3 d5 4.Bg5 Be7 5.e3 h6 6.Bh4 O-O 7.Nc3 b6 8.Bd3 Bb7 
9.O-O Nbd7 10.Bg3 c5 11.cxd5 cxd4 12.d6 dxc3 13.dxe7 Qxe7 14.Bd6 Qd8 15.
Bxf8 cxb2 16.Rb1 Kxf8 17.Be2 Qe7 18.Qd4 e5 19.Qxb2 Bxf3 20.Bxf3 e4 21.Be2 
Nc5 22.Rfd1 Rc8 23.Rbc1 Kg8 24.a4 Qe6 25.a5 bxa5 26.Qa3 Nb7 27.Rxc8+ Qxc8 
28.Ba6 Qc6 29.Bxb7 Qxb7 30.Qxa5 Qb3 31.Rd8+ Kh7 32.h3 Qe6 33.Qxa7 h5 34.
Qb8 Kh6 35.Rh8+ Nh7 36.Qg8 Qf5 37.Rxh7+ Qxh7 38.Qxf7 g5 39.Qxh7+ Kxh7 40.
Kf1 Kg6 41.Ke2 Kf5 42.Kd2 g4 43.hxg4+ 1-0

[Event "XXXVIII C.to Italiano a squadre Master"]
[Site "Porto San Giorgio ITA"]
[Date "2006.04.21"]
[Round "1"]
[White "Godena, Michele"]
[Black "Marinelli, Tullio"]
[Result "1/2-1/2"]
[WhiteElo "2537"]
[BlackElo "2386"]
[PlyCount "93"]
[EventDate "2006.04.21"]

1.e4 c5 2.c3 d5 3.exd5 Qxd5 4.d4 Nf6 5.Nf3 Bg4 6.Be2 e6 7.h3 Bh5 8.c4 Qd8 
9.Nc3 cxd4 10.Nxd4 Bxe2 11.Qa4+ Nbd7 12.Ndxe2 Be7 13.Bg5 O-O 14.Rd1 Qe8 
15.Qc2 a6 16.b3 Qc8 17.Qd3 Rd8 18.O-O h6 19.Bf4 Qc6 20.Nd4 Qc5 21.Be3 Qe5 
22.Qc2 Rac8 23.Bd2 Qh5 24.Qb1 Ne5 25.Nce2 Ng6 26.Ng3 Qe5 27.Bc3 Bc5 28.
Nde2 Qc7 29.Rxd8+ Rxd8 30.Rd1 Rxd1+ 31.Qxd1 Qb6 32.Bd4 e5 33.Bxc5 Qxc5 34.
Nc3 Nf4 35.Nge4 Nxe4 36.Nxe4 Qc6 37.Qf3 f5 38.Nd2 Qd6 39.Nf1 e4 40.Qe3 Nd3
41.g4 Qg6 42.Ng3 fxg4 43.hxg4 Qxg4 44.Qxe4 Qxe4 45.Nxe4 Kf8 46.Nd6 b6 47.
Nc8 1/2-1/2

[Event "XXXVIII C.to Italiano a squadre Master"]
[Site "Porto San Giorgio ITA"]
[Date "2006.04.21"]
[Round "1"]
[White "Lapiccirella, Daniele"]
[Black "Arlandi, Ennio"]
[Result "1/2-1/2"]
[WhiteElo "2131"]
[BlackElo "2453"]
[PlyCount "54"]
[EventDate "2006.04.21"]

1.d4 Nf6 2.c4 g6 3.Nc3 d5 4.Nf3 Bg7 5.Bg5 Ne4 6.cxd5 Nxg5 7.Nxg5 e6 8.Qa4+
Bd7 9.Qb3 Qxg5 10.Qxb7 O-O 11.Qxa8 Bxd4 12.Rd1 Qf6 13.Rxd4 Qxd4 14.Qb7 c6 
15.e3 Qg4 16.d6 a5 17.Qb6 Qg5 18.h4 Qe5 19.Qd4 Qxd4 20.exd4 Rd8 21.Kd2 Bc8
22.Ke3 Rxd6 23.Ne4 Rd8 24.Nc5 Nd7 25.Nxd7 Bxd7 26.Bd3 Rb8 27.b3 Kf8 
1/2-1/2

[Event "XXXVIII C.to Italiano a squadre Master"]
[Site "Porto San Giorgio ITA"]
[Date "2006.04.21"]
[Round "1"]
[White "Lapiccirella, Mattia"]
[Black "Bellini, Fabio"]
[Result "0-1"]
[WhiteElo "2243"]
[BlackElo "2499"]
[PlyCount "94"]
[EventDate "2006.04.21"]

1.d4 d6 2.Nf3 Bg4 3.Nbd2 Nd7 4.c3 Ngf6 5.g3 e5 6.Bg2 e4 7.Ng5 d5 8.f3 exf3
9.exf3 Bf5 10.O-O Be7 11.Re1 h6 12.Nh3 O-O 13.Nf1 Nb6 14.a4 a5 15.Nf4 c5 
16.Ne3 Bh7 17.Bh3 Re8 18.Nf5 Bf8 19.Rxe8 Qxe8 20.Nd3 cxd4 21.cxd4 Nc4 22.
Kf2 b5 23.b3 Nb6 24.Nc5 bxa4 25.bxa4 Qc6 26.Kg2 Bxf5 27.Bxf5 Bxc5 28.dxc5 
Qxc5 29.Bb2 Nc4 30.Bd4 Qe7 31.Qd3 Nd7 32.Bxd7 Qxd7 33.Bc3 Re8 34.Ra2 Ne3+ 
35.Kg1 Nf5 36.Re2 Rxe2 37.Qxe2 Qxa4 38.Qe5 Qd1+ 39.Kg2 Qc2+ 40.Kg1 Qd1+ 
41.Kg2 Qc2+ 42.Kg1 a4 43.g4 d4 44.gxf5 dxc3 45.Qe8+ Kh7 46.Qxf7 Qd1+ 47.
Kg2 Qe2+ 0-1

[Event "XXXVIII C.to Italiano a squadre Master"]
[Site "Porto San Giorgio ITA"]
[Date "2006.04.21"]
[Round "1"]
[White "Lucaroni, Massimiliano"]
[Black "Ortega, Lexy"]
[Result "0-1"]
[WhiteElo "2293"]
[BlackElo "2434"]
[PlyCount "52"]
[EventDate "2006.04.21"]

1.e4 c5 2.Nc3 e6 3.Nf3 a6 4.d4 cxd4 5.Nxd4 Qc7 6.Bd3 Ne7 7.O-O Nec6 8.Nb3 
d6 9.f4 Nd7 10.Kh1 Be7 11.Bd2 b6 12.a3 Bb7 13.Qg4 O-O 14.Rae1 Rfe8 15.e5 
g6 16.Ne4 dxe5 17.f5 exf5 18.Rxf5 Nd4 19.Nxd4 exd4 20.Ref1 Qc6 21.Bh6 Bf8 
22.Bxf8 Rxf8 23.Rf6 Qc7 24.Rd6 Bxe4 25.Rxd7 f5 26.Rxc7 fxg4 0-1

[Event "XXXVIII C.to Italiano a squadre Master"]
[Site "Porto San Giorgio ITA"]
[Date "2006.04.21"]
[Round "1"]
[White "Malloni, Marcello"]
[Black "Manca, Federico"]
[Result "0-1"]
[WhiteElo "2276"]
[BlackElo "2417"]
[PlyCount "48"]
[EventDate "2006.04.21"]

1.d4 d5 2.c4 e6 3.Nf3 c5 4.e3 Nf6 5.Nc3 Nc6 6.a3 a6 7.b3 Be7 8.Bb2 O-O 9.
Bd3 b6 10.O-O Bb7 11.Rc1 dxc4 12.bxc4 cxd4 13.exd4 Na5 14.Re1 Rc8 15.Ne5 
b5 16.cxb5 axb5 17.Bxb5 Qb6 18.a4 Rfd8 19.Ne2 Ba6 20.Qd3 Rxc1 21.Rxc1 Nd5 
22.Nc6 Nxc6 23.Rxc6 Qxc6 24.Bxc6 Nb4 0-1

[Event "XXXVIII C.to Italiano a squadre Master"]
[Site "Porto San Giorgio ITA"]
[Date "2006.04.21"]
[Round "1"]
[White "Ranieri, Fabrizio"]
[Black "Martorelli, Antonio"]
[Result "0-1"]
[WhiteElo "2228"]
[BlackElo "2265"]
[PlyCount "76"]
[EventDate "2006.04.21"]

1.e4 c5 2.Nf3 e6 3.d4 cxd4 4.Nxd4 a6 5.Nc3 Qc7 6.Be2 Nf6 7.O-O Bb4 8.Be3 
Bxc3 9.bxc3 d6 10.Bd3 Nbd7 11.Qf3 b6 12.Qg3 Bb7 13.Rab1 h5 14.f3 h4 15.Qf2
h3 16.g3 d5 17.Ne2 dxe4 18.fxe4 Nc5 19.Qf4 e5 20.Qg5 Ne6 21.Bxb6 Nxg5 22.
Bxc7 Bxe4 23.Bxe4 Ngxe4 24.Rf5 O-O 25.Rxe5 Nd2 26.Rb4 Nf3+ 27.Kf2 Nxh2 28.
Rg5 Rfe8 29.g4 Re4 30.Bxh2 Rxb4 31.cxb4 Ne4+ 32.Ke3 Nxg5 33.c4 Re8+ 34.Kf2
Ne4+ 35.Kf1 Rd8 36.Ng3 Rd1+ 37.Ke2 Rd2+ 38.Kf3 Ng5+ 0-1

[Event "XXXVIII C.to Italiano a squadre Master"]
[Site "Porto San Giorgio ITA"]
[Date "2006.04.21"]
[Round "1"]
[White "Shytaj, Luca"]
[Black "Castaldo, Folco"]
[Result "0-1"]
[WhiteElo "2433"]
[BlackElo "2347"]
[PlyCount "98"]
[EventDate "2006.04.21"]

1.e4 d5 2.exd5 Qxd5 3.Nf3 Bg4 4.Be2 Nc6 5.h3 Bxf3 6.Bxf3 Qe6+ 7.Qe2 Nd4 8.
Qxe6 Nxf3+ 9.gxf3 fxe6 10.O-O g6 11.Re1 Kf7 12.Nc3 Nf6 13.d3 c6 14.a4 Bg7 
15.a5 Rhd8 16.Ra4 b5 17.Rh4 a6 18.Ne4 Nxe4 19.Rhxe4 Rd6 20.b4 Bf6 21.Be3 
e5 22.Kg2 Rd5 23.Re2 Rc8 24.Bc5 Rc7 25.R2e3 Rcd7 26.Re1 g5 27.Kf1 Kg6 28.
Ke2 Kf5 29.Rd1 Rd8 30.Bb6 Rg8 31.c4 Rd6 32.Rc1 Rg6 33.cxb5 cxb5 34.Rc7 Rh6
35.Ra7 Rxh3 36.Rxa6 Rh1 37.Ra8 Ra1 38.Bc5 Ra2+ 39.Ke3 Rd5 40.Rf8 Kg6 41.
Rb8 Ra3 42.Rxb5 Rdxd3+ 43.Ke2 Rdb3 44.Kf1 Rxf3 45.Be3 Kf5 46.Rexe5+ Bxe5 
47.Bd4 Ke4 48.Bxe5 Rf5 49.Bb2 Rb3 0-1

[Event "XXXVIII C.to Italiano a squadre Master"]
[Site "Porto San Giorgio ITA"]
[Date "2006.04.21"]
[Round "1"]
[White "Tirabassi, Maurizio"]
[Black "Borisek, Jure"]
[Result "0-1"]
[WhiteElo "2306"]
[BlackElo "2508"]
[PlyCount "54"]
[EventDate "2006.04.21"]

1.c4 e5 2.Nc3 Bb4 3.Qb3 Nc6 4.e3 a5 5.g3 f5 6.Bg2 Nf6 7.Nge2 e4 8.Nd4 Ne5 
9.O-O d6 10.f3 c5 11.Ndb5 Be6 12.Nd5 Bxd5 13.cxd5 a4 14.Qc2 Qd7 15.Nc3 O-O
16.fxe4 Bxc3 17.dxc3 fxe4 18.c4 b5 19.cxb5 Qxb5 20.Bd2 Qe2 21.Rae1 Qh5 22.
Bc3 Nfg4 23.Rxf8+ Rxf8 24.h3 Nf3+ 25.Bxf3 Rxf3 26.Qxe4 Rxg3+ 27.Kf1 Qxh3+ 
0-1

[Event "XXXVIII C.to Italiano a squadre Master"]
[Site "Porto San Giorgio ITA"]
[Date "2006.04.21"]
[Round "1"]
[White "Vitri, Sergio"]
[Black "Falchetta, Giovanni"]
[Result "1/2-1/2"]
[WhiteElo "2105"]
[BlackElo "2202"]
[PlyCount "79"]
[EventDate "2006.04.21"]

1.d4 d5 2.c4 c6 3.Nf3 Nf6 4.Nc3 e6 5.cxd5 exd5 6.Bg5 Nbd7 7.e3 Bd6 8.Bd3 
h6 9.Bh4 O-O 10.O-O Re8 11.Qc2 Nf8 12.Bg3 Bxg3 13.hxg3 Qd6 14.Rab1 a5 15.
a3 Ne6 16.b4 axb4 17.axb4 Ng5 18.Nxg5 hxg5 19.b5 c5 20.dxc5 Qxc5 21.Na4 
Qxc2 22.Bxc2 Bf5 23.Bxf5 Rxa4 24.Rfc1 g6 25.Bc8 Re7 26.b6 Ne8 27.Rc5 Rc4 
28.Rc1 Nd6 29.R1xc4 Nxc4 30.Rc7 Kf8 31.Rxb7 Rxb7 32.Bxb7 Nxb6 33.Kf1 Ke7 
34.Ke2 Kd6 35.Kd3 Kc5 36.Kc3 Na4+ 37.Kb3 Nb6 38.Kc3 Na4+ 39.Kd3 Nb6 40.Kc3
1/2-1/2

[Event "XXXVIII C.to Italiano a squadre Master"]
[Site "Porto San Giorgio ITA"]
[Date "2006.04.21"]
[Round "1"]
[White "Vocaturo, Daniele"]
[Black "Napoli, Nicolo'"]
[Result "0-1"]
[WhiteElo "2402"]
[BlackElo "2220"]
[PlyCount "58"]
[EventDate "2006.04.21"]

1.e4 g6 2.d4 Bg7 3.Nc3 c6 4.f4 d5 5.e5 Nh6 6.Nf3 Bg4 7.Be3 Qb6 8.Rb1 f6 9.
Bf2 O-O 10.h3 Bxf3 11.Qxf3 fxe5 12.dxe5 Qb4 13.g3 Bxe5 14.a3 Bxc3+ 15.Kd1 
Qd6 16.bxc3 b5 17.Bd4 Nd7 18.Bg2 e5 19.fxe5 Rxf3 20.exd6 Rxg3 21.Rg1 Nf5 
22.Rxb5 Rxg2 23.Rb7 Rxg1+ 24.Bxg1 Rd8 25.Rxa7 Nxd6 26.Rc7 Ne5 27.Bd4 Ndc4 
28.Re7 Nf3 29.Bf6 Rd6 0-1

[Event "XXXVIII C.to Italiano a squadre Master"]
[Site "Porto San Giorgio ITA"]
[Date "2006.04.21"]
[Round "2"]
[White "Arlandi, Ennio"]
[Black "Brunello, Sabino"]
[Result "1/2-1/2"]
[WhiteElo "2453"]
[BlackElo "2339"]
[PlyCount "80"]
[EventDate "2006.04.21"]

1.d4 Nf6 2.c4 e6 3.Nc3 Bb4 4.Qc2 d5 5.cxd5 Qxd5 6.Nf3 Qf5 7.Qxf5 exf5 8.a3
Be7 9.e3 Be6 10.Bd3 g6 11.Bd2 c6 12.b4 Nd5 13.Na4 Nd7 14.Ke2 O-O 15.Rhc1 
Rfc8 16.Rc2 N5f6 17.Rb1 Ne4 18.Nc5 Nexc5 19.bxc5 b5 20.Ba5 Bd8 21.Bxd8 
Rxd8 22.Nd2 Nf6 23.g3 Nd5 24.Kf1 a5 25.Rcc1 Rdb8 26.Rb2 a4 27.Ra1 Re8 28.
Be2 Nc3 29.Bf3 Bd5 30.Rc1 Ne4 31.Bxe4 fxe4 32.Ke2 f5 33.h4 h5 34.Nb1 Kf7 
35.Nc3 Ke6 36.Kd2 Red8 37.Ne2 Kf6 38.Kc3 Bc4 39.Nf4 Bd5 40.Kb4 Ra7 1/2-1/2

[Event "XXXVIII C.to Italiano a squadre Master"]
[Site "Porto San Giorgio ITA"]
[Date "2006.04.21"]
[Round "2"]
[White "Bellini, Fabio"]
[Black "Garcia Palermo, Carlos Horacio"]
[Result "1/2-1/2"]
[WhiteElo "2499"]
[BlackElo "2462"]
[PlyCount "119"]
[EventDate "2006.04.21"]

1.e4 e6 2.d4 d5 3.Nc3 Nf6 4.e5 Nfd7 5.Nf3 c5 6.dxc5 Nc6 7.Bf4 Bxc5 8.Bd3 
f6 9.exf6 Nxf6 10.Qe2 O-O 11.O-O-O Qe7 12.Ne5 Bd4 13.Nxc6 bxc6 14.Be5 Bxe5
15.Qxe5 Qb4 16.f3 Rb8 17.Ne2 c5 18.a3 Qb6 19.c4 Nd7 20.Qc3 d4 21.Qc2 Ne5 
22.Rd2 Nxd3+ 23.Rxd3 Bd7 24.b3 Be8 25.Ng3 Bg6 26.Ne4 Rf4 27.Re1 Qa6 28.Re2
Qxa3+ 29.Qb2 Qa5 30.Qa2 Qxa2 31.Rxa2 Bxe4 32.fxe4 Rb7 33.Ra5 Rc7 34.e5 Re4
35.Kd2 h6 36.Rb5 Kh7 37.b4 cxb4 38.Rxb4 Rf7 39.Rf3 Rd7 40.Rb5 a6 41.Ra5 
Rg4 42.Rxa6 Rxg2+ 43.Kd3 Rxh2 44.Rxe6 Rh1 45.Rd6 Re7 46.e6 Re1 47.Kxd4 
R1xe6 48.Rxe6 Rxe6 49.c5 Re8 50.c6 h5 51.Kd5 h4 52.Rf4 g5 53.Rf6 Kg7 54.
Re6 Rxe6 55.Kxe6 h3 56.c7 h2 57.c8=Q h1=Q 58.Qc3+ Kh7 59.Kf5 Qd5+ 60.Kg4 
1/2-1/2

[Event "XXXVIII C.to Italiano a squadre Master"]
[Site "Porto San Giorgio ITA"]
[Date "2006.04.21"]
[Round "2"]
[White "Borgo, Giulio"]
[Black "Ranieri, Fabrizio"]
[Result "1-0"]
[WhiteElo "2414"]
[BlackElo "2228"]
[PlyCount "73"]
[EventDate "2006.04.21"]

1.Nf3 e6 2.c4 d5 3.e3 Nf6 4.b3 Be7 5.Bb2 O-O 6.Qc2 c6 7.Nc3 Nbd7 8.d4 b6 
9.Bd3 Ba6 10.e4 h6 11.e5 Ne8 12.O-O Nc7 13.Rfd1 Rc8 14.a4 Bb4 15.Na2 Be7 
16.Qe2 Re8 17.Rac1 Nf8 18.Qe3 Nd7 19.Nc3 Bb4 20.Ne2 c5 21.Nf4 Bb7 22.Nh5 
dxc4 23.bxc4 Bxf3 24.Qxf3 cxd4 25.Bxd4 Qg5 26.Qe2 Bc5 27.Bc3 Rcd8 28.g3 
Nf8 29.h4 Qe7 30.Qg4 g6 31.Nf6+ Kg7 32.h5 Ba3 33.Rb1 Bc5 34.a5 Rb8 35.hxg6
Nxg6 36.Bxg6 fxg6 37.Rd7 1-0

[Event "XXXVIII C.to Italiano a squadre Master"]
[Site "Porto San Giorgio ITA"]
[Date "2006.04.21"]
[Round "2"]
[White "Borisek, Jure"]
[Black "Di Caro, Calogero"]
[Result "1-0"]
[WhiteElo "2508"]
[BlackElo "2318"]
[PlyCount "49"]
[EventDate "2006.04.21"]

1.e4 e6 2.d4 d5 3.Nd2 dxe4 4.Nxe4 Nd7 5.Bd3 Ngf6 6.Qe2 c5 7.Nxf6+ Nxf6 8.
dxc5 Bxc5 9.Bd2 O-O 10.O-O-O e5 11.Qxe5 Qb6 12.Nf3 Ng4 13.Qh5 g6 14.Qh4 
Nxf2 15.Bc3 Bg4 16.Ne5 Be3+ 17.Kb1 Nxd1 18.Rxd1 Be6 19.Nf3 f6 20.b3 a5 21.
Re1 Rae8 22.Rxe3 a4 23.Rxe6 Rxe6 24.Bc4 axb3 25.axb3 1-0

[Event "XXXVIII C.to Italiano a squadre Master"]
[Site "Porto San Giorgio ITA"]
[Date "2006.04.21"]
[Round "2"]
[White "Bruno, Fabio"]
[Black "D'Amore, Carlo"]
[Result "0-1"]
[WhiteElo "2394"]
[BlackElo "2474"]
[PlyCount "74"]
[EventDate "2006.04.21"]

1.d4 Nf6 2.Nf3 d5 3.c4 c6 4.e3 Bf5 5.Nc3 e6 6.Bd3 dxc4 7.Bxc4 Nbd7 8.O-O 
Bd6 9.Qe2 Bg4 10.Rd1 O-O 11.h3 Bxf3 12.Qxf3 Rc8 13.Bf1 a6 14.b3 Qe7 15.Bb2
Ba3 16.Rab1 Bxb2 17.Rxb2 c5 18.Qxb7 cxd4 19.Na4 dxe3 20.fxe3 Nd5 21.e4 Rc7
22.Qxa6 Nc5 23.Nxc5 Qxc5+ 24.Kh1 Nc3 25.Re1 Qe5 26.Rc2 Rd8 27.Qb6 g6 28.
Rec1 Rdc8 29.Bd3 Kg7 30.Kg1 Ne2+ 31.Bxe2 Rxc2 32.Rxc2 Rxc2 33.Qe3 Rxa2 34.
Kf2 Rc2 35.b4 Qf6+ 36.Qf3 Qd4+ 37.Qe3 Qxb4 0-1

[Event "XXXVIII C.to Italiano a squadre Master"]
[Site "Porto San Giorgio ITA"]
[Date "2006.04.21"]
[Round "2"]
[White "Caggiano, Luigi Maria"]
[Black "Lapiccirella, Daniele"]
[Result "0-1"]
[WhiteElo "1622"]
[BlackElo "2131"]
[PlyCount "50"]
[EventDate "2006.04.21"]

1.Nf3 d5 2.d3 Nf6 3.g3 c5 4.Bg2 Nc6 5.O-O e6 6.Nbd2 Be7 7.e4 O-O 8.c3 b5 
9.Qc2 Qb6 10.Nb3 a5 11.a4 bxa4 12.Rxa4 Ba6 13.exd5 exd5 14.Rh4 c4 15.dxc4 
Bxc4 16.Rxc4 dxc4 17.Nbd4 Nxd4 18.Nxd4 Rac8 19.Be3 Bc5 20.Rd1 Rfd8 21.Bh3 
Rb8 22.Qf5 Rd5 23.Qf3 Qxb2 24.Nc6 Rxd1+ 25.Qxd1 Qb1 0-1

[Event "XXXVIII C.to Italiano a squadre Master"]
[Site "Porto San Giorgio ITA"]
[Date "2006.04.21"]
[Round "2"]
[White "Castaldo, Folco"]
[Black "Huebner, Robert"]
[Result "1/2-1/2"]
[WhiteElo "2347"]
[BlackElo "2632"]
[PlyCount "66"]
[EventDate "2006.04.21"]

1.e4 e5 2.Ne2 Nc6 3.Nbc3 Bc5 4.Na4 Be7 5.d4 exd4 6.Nxd4 Nf6 7.Nxc6 bxc6 8.
e5 Nd5 9.c4 Nb6 10.Nc3 O-O 11.Bd3 d6 12.exd6 Qxd6 13.Qc2 Qe6+ 14.Qe2 a5 
15.Bf4 Bd6 16.Bxd6 cxd6 17.O-O Ba6 18.b3 a4 19.Qf3 d5 20.c5 Bxd3 21.Qxd3 
Nd7 22.Nxa4 Rfe8 23.Qd4 Qe2 24.Nc3 Qe5 25.Qxe5 Rxe5 26.Na4 Rae8 27.f3 Kf8 
28.Rad1 Re2 29.Rf2 Re1+ 30.Rxe1 Rxe1+ 31.Rf1 Re2 32.Rf2 Re1+ 33.Rf1 Re2 
1/2-1/2

[Event "XXXVIII C.to Italiano a squadre Master"]
[Site "Porto San Giorgio ITA"]
[Date "2006.04.21"]
[Round "2"]
[White "De Val, Daniele"]
[Black "Bentivegna, Francesco"]
[Result "1-0"]
[WhiteElo "2177"]
[BlackElo "2287"]
[PlyCount "81"]
[EventDate "2006.04.21"]

1.d4 d5 2.c4 e5 3.dxe5 d4 4.Nf3 Nc6 5.g3 Nge7 6.Bg2 Ng6 7.Bg5 Qd7 8.e6 
fxe6 9.O-O e5 10.Nfd2 h6 11.Be4 hxg5 12.Bxg6+ Kd8 13.Re1 Bb4 14.Be4 Qh3 
15.Nf1 Bxe1 16.Qxe1 Bf5 17.Bg2 Qh6 18.Nbd2 Bh3 19.Be4 Qf6 20.b4 Rb8 21.b5 
Ne7 22.e3 Bf5 23.exd4 exd4 24.Nb3 Kc8 25.Bg2 Rd8 26.Rd1 Ng6 27.c5 b6 28.
Qb4 bxc5 29.Qxc5 Bg4 30.Rc1 Qb6 31.Qxg5 Bd7 32.Nc5 Nf8 33.Na6 Ne6 34.Qe5 
Rf8 35.Nxb8 Qxb8 36.Bc6 Qb6 37.Bxd7+ Kxd7 38.Rc6 Ng5 39.Qd5+ Kc8 40.Rxb6 
Nf3+ 41.Kg2 1-0

[Event "XXXVIII C.to Italiano a squadre Master"]
[Site "Porto San Giorgio ITA"]
[Date "2006.04.21"]
[Round "2"]
[White "Falchetta, Giovanni"]
[Black "Malloni, Marcello"]
[Result "0-1"]
[WhiteElo "2202"]
[BlackElo "2276"]
[PlyCount "82"]
[EventDate "2006.04.21"]

1.d4 Nf6 2.Nf3 d5 3.c4 e6 4.Nc3 Bb4 5.Qa4+ Nc6 6.Bg5 h6 7.Bxf6 Qxf6 8.e3 
O-O 9.Be2 dxc4 10.Rc1 e5 11.dxe5 Bxc3+ 12.Rxc3 Nxe5 13.Nxe5 Qxe5 14.Qxc4 
c6 15.Qb4 b6 16.Bf3 Bd7 17.O-O Rac8 18.Qd4 Qe7 19.b4 Rc7 20.Rd1 Rfc8 21.h3
Be6 22.Qd6 Kf8 23.a3 c5 24.Qxe7+ Kxe7 25.Rdc1 Kd8 26.Rd1+ Rd7 27.Rdc1 c4 
28.b5 Rd2 29.Bg4 f5 30.Bf3 Ke7 31.Rb1 Kd6 32.Rb4 Kc5 33.Kf1 Ra2 34.Ra4 Rc7
35.Bc6 Rb2 36.g4 g6 37.Kg2 Rb3 38.Rc1 Rd3 39.gxf5 gxf5 40.Kf3 Rd8 41.Kf4 
a5 0-1